[Event "2nd GM"]
[Site "Danzhou CHN"]
[Date "2011.05.15"]
[Round "1"]
[White "Zhou, Jianchao"]
[Black "Ni, Hua"]
[Result "1-0"]
[WhiteTitle "GM"]
[BlackTitle "GM"]
[WhiteElo "2636"]
[BlackElo "2661"]
[WhiteFideId "8603537"]
[BlackFideId "8601160"]
[EventDate "2011.05.17"]

1. d4 d5 2. c4 c6 3. Nf3 Nf6 4. Nc3 dxc4 5. a4 Bf5 6. Ne5 Nbd7 7. Nxc4 Nb6 8.
Ne5 a5 9. e3 Nbd7 10. Nc4 Qc7 11. Qf3 Be6 12. Bd2 Bxc4 13. Bxc4 e5 14. g4 Nb6
15. Bb3 exd4 16. exd4 Bb4 17. Bg5 Nfd5 18. O-O O-O 19. Nxd5 Nxd5 20. Bxd5 cxd5
21. Qxd5 Qc2 22. b3 Ra6 23. Bf4 Qc8 24. h3 Rd8 25. Rac1 Qxg4+ 26. hxg4 Rxd5 27.
Rc8+ Bf8 28. Re1 Re6 29. Rxe6 fxe6 30. Be5 g6 31. Rb8 h5 32. Rxb7 hxg4 33. Kg2
Bd6 34. Bxd6 Rxd6 35. Rb5 Rxd4 36. Rxa5 Kf7 37. Rb5 Rd2 38. a5 Ra2 39. Kg3 Ke7
40. b4 Kd7 41. Rb6 g5 42. a6 1-0

[Event "2nd GM"]
[Site "Danzhou CHN"]
[Date "2011.05.15"]
[Round "1"]
[White "Li, Chao b"]
[Black "Bu, Xiangzhi"]
[Result "0-1"]
[WhiteTitle "GM"]
[BlackTitle "GM"]
[WhiteElo "2656"]
[BlackElo "2662"]
[WhiteFideId "8604436"]
[BlackFideId "8601445"]
[EventDate "2011.05.17"]

1. d4 Nf6 2. c4 e6 3. Nc3 Bb4 4. f3 d5 5. a3 Be7 6. e4 dxe4 7. fxe4 e5 8. d5 O-O
9. Bd3 Ng4 10. Nf3 Bc5 11. Qc2 a5 12. h3 Nf2 13. Rf1 Nxd3+ 14. Qxd3 Qe7 15. g4
Na6 16. Bd2 Bd7 17. Nb5 c6 18. Nc3 Bd4 19. Qc2 Nc5 20. O-O-O Rfc8 21. Be1 b5 22.
Bh4 Qe8 23. Nxd4 exd4 24. Rxd4 b4 25. dxc6 Bxc6 26. Nd5 bxa3 27. bxa3 Qe5 28.
Ne7+ Kh8 29. Nxc6 Rxc6 30. Rfd1 Ne6 31. Rd5 Qa1+ 32. Kd2 Qxa3 33. Qd3 Qb4+ 34.
Ke3 Rxc4 35. Rb1 Rc3 36. Rxb4 axb4 37. Be1 Rxd3+ 38. Rxd3 Ra2 39. Bxb4 Rh2 40.
Rd7 Kg8 41. g5 Rxh3+ 42. Kf2 h5 43. gxh6 Rxh6 44. Bd2 Rh4 45. Kf3 Rh3+ 46. Ke2
Nc5 47. Rd4 Kh7 48. Be3 Ne6 49. Rd7 Kg6 50. Rd1 Rh2+ 51. Kf3 Ra2 52. Rd5 Rc2 53.
Rf5 Rh2 54. Kg3 Rh1 55. Rd5 Rh5 56. Rd1 Rb5 57. Rd7 Rb3 58. Kf2 Rc3 59. Ke2 Rc7
60. Rd5 f6 61. Kf3 Re7 62. Rd6 Kf7 63. Rd5 Rb7 64. Kg4 Rb3 65. Bd2 Kg6 66. Bc1
Rc3 67. Bd2 Rc4 68. Kf3 Nc5 69. e5 f5 70. Rd6+ Kf7 71. Be3 Ne6 72. Rd7+ Ke8 73.
Ra7 Re4 74. Ra8+ Kf7 75. Ra7+ Kg6 76. Ra5 Kh5 77. Bc1 g5 78. Bb2 g4+ 79. Kf2 f4
80. Ra6 g3+ 81. Kf1 Ng5 0-1

[Event "2nd GM"]
[Site "Danzhou CHN"]
[Date "2011.05.16"]
[Round "2"]
[White "Yu, Yangyi"]
[Black "Hou, Yifan"]
[Result "1-0"]
[WhiteTitle "GM"]
[BlackTitle "GM"]
[WhiteElo "2646"]
[BlackElo "2612"]
[WhiteFideId "8603820"]
[BlackFideId "8602980"]
[EventDate "2011.05.17"]

1. d4 e6 2. c4 Nf6 3. Nc3 Bb4 4. Qc2 d5 5. cxd5 exd5 6. Bg5 c5 7. dxc5 h6 8. Bh4
g5 9. Bg3 Ne4 10. e3 Qa5 11. Ne2 Bf5 12. Be5 O-O 13. Nd4 Nxc3 14. Nxf5 Ne4+ 15.
Kd1 Nc6 16. Bd6 Bxc5 17. Bxc5 Nxc5 18. h4 g4 19. f3 d4 20. e4 d3 21. Qd2 Qa4+
22. Ke1 Nxe4 23. Nxh6+ Kh7 24. Bxd3 Rad8 25. Nxg4 f5 26. Qh6+ Kg8 27. Qg6+ Kh8
28. Qh6+ Kg8 29. Bxe4 fxe4 30. Qg6+ Kh8 31. Qh6+ Kg8 32. Nf6+ Rxf6 33. Qxf6 exf3
34. gxf3 Re8+ 35. Kf2 Qc2+ 36. Kg3 Rf8 37. Qg5+ Kh8 38. Qh5+ Kg8 39. Rhg1 1-0

[Event "2nd GM"]
[Site "Danzhou CHN"]
[Date "2011.05.17"]
[Round "3"]
[White "Hou, Yifan"]
[Black "Ni, Hua"]
[Result "1/2-1/2"]
[WhiteTitle "GM"]
[BlackTitle "GM"]
[WhiteElo "2612"]
[BlackElo "2661"]
[WhiteFideId "8602980"]
[BlackFideId "8601160"]
[EventDate "2011.05.17"]

1. e4 e5 2. Nf3 Nc6 3. Bb5 Nf6 4. O-O Nxe4 5. d4 Nd6 6. Bxc6 dxc6 7. dxe5 Nf5 8.
Qxd8+ Kxd8 9. Nc3 Ke8 10. h3 h5 11. Bg5 Be6 12. Rfd1 Be7 13. b3 f6 14. Bf4 Rc8
15. Ne2 Kf7 16. Ned4 Nxd4 17. Nxd4 g5 18. Be3 f5 19. f4 g4 20. hxg4 hxg4 21.
Nxe6 Kxe6 22. Kf2 Rh2 23. Rh1 Rch8 24. Rxh2 Rxh2 25. Rd1 a5 26. a4 Rh8 27. c4 b5
28. cxb5 cxb5 29. Rc1 bxa4 30. bxa4 Rb8 31. Rxc7 Rb2+ 32. Kg3 Rb3 33. Kf2 Rb2+
34. Kg3 Bb4 35. Rc1 Kd5 36. Rd1+ Ke6 37. Rc1 Kd5 38. Rd1+ Ke6 1/2-1/2

[Event "2nd GM"]
[Site "Danzhou CHN"]
[Date "2011.05.17"]
[Round "3"]
[White "Li, Chao b"]
[Black "Yu, Yangyi"]
[Result "0-1"]
[WhiteTitle "GM"]
[BlackTitle "GM"]
[WhiteElo "2656"]
[BlackElo "2646"]
[WhiteFideId "8604436"]
[BlackFideId "8603820"]
[EventDate "2011.05.17"]

1. e4 c5 2. Nf3 e6 3. d4 cxd4 4. Nxd4 a6 5. Bd3 Nf6 6. O-O Qc7 7. Qe2 d6 8. c4
g6 9. Nc3 Bg7 10. Rd1 O-O 11. Nf3 Nbd7 12. h3 b6 13. Bc2 Bb7 14. Bf4 e5 15. Bg5
h6 16. Be3 Nc5 17. Nd2 Ne6 18. Rac1 Nd4 19. Bxd4 exd4 20. Nd5 Nxd5 21. cxd5 b5
22. Nb3 Qb6 23. Bd3 Rac8 24. Qd2 b4 25. Qe2 Rxc1 26. Rxc1 Rc8 27. Rf1 Re8 28.
Qd1 a5 29. Nd2 Ba6 30. Qe2 Bb7 31. Bb5 d3 32. Qxd3 Rc8 33. a4 bxa3 34. bxa3 Rc3
35. Qb1 Qc5 36. a4 Bc8 37. Nc4 Bd4 38. Rc1 Bxf2+ 39. Kh1 Qb4 40. Qa1 Rxc1+ 41.
Qxc1 Bc5 42. Kh2 Kg7 43. Qa1+ f6 44. Qc1 h5 45. Qa1 h4 46. Qc1 Bf2 47. Qf1 Bc5
48. Qc1 Bf2 49. Qf1 Bd4 50. Qc1 Bc5 51. Qa1 g5 52. Qc1 Bf2 53. Nd2 Bc5 54. Nc4
Bd4 55. Nd2 Bc5 56. Nc4 Qb3 57. Qe1 Qc2 58. Nxa5 Bf2 59. Qe2 Bg3+ 60. Kh1 Qb1+
61. Qf1 Qxe4 62. Bd3 Qxd5 63. Qe2 Kf8 64. Nc4 Qd4 65. Nd2 Qxa4 66. Qh5 Qa1+ 67.
Nf1 Be6 68. Bb5 Kg7 69. Bd3 Bf5 70. Bc4 d5 71. Qe2 Be4 72. Bd3 Be5 73. Qg4 Bxd3 0-1

[Event "2nd GM"]
[Site "Danzhou CHN"]
[Date "2011.05.17"]
[Round "3"]
[White "Bu, Xiangzhi"]
[Black "Zhou, Weiqi"]
[Result "1/2-1/2"]
[WhiteTitle "GM"]
[BlackTitle "GM"]
[WhiteElo "2662"]
[BlackElo "2610"]
[WhiteFideId "8601445"]
[BlackFideId "8601674"]
[EventDate "2011.05.17"]

1. d4 d5 2. c4 c6 3. Nf3 Nf6 4. e3 Bf5 5. Nc3 e6 6. Nh4 Bg6 7. Be2 Nbd7 8. O-O
Bd6 9. g3 O-O 10. Nxg6 hxg6 11. b3 Qe7 12. Bf3 a6 13. Bb2 Ba3 14. Qc1 Bxb2 15.
Qxb2 b5 16. Rac1 Rfc8 17. cxd5 cxd5 18. Ne2 Qf8 19. h4 b4 20. Rxc8 Rxc8 21. Rc1
Ne4 22. Rxc8 Qxc8 23. Bxe4 dxe4 24. a3 bxa3 25. Qxa3 Qc2 26. Qxa6 Qxb3 27. Qc8+
Nf8 28. Nf4 Qd1+ 29. Kg2 Qf3+ 30. Kg1 Qd1+ 31. Kg2 Qf3+ 32. Kg1 Qd1+ 1/2-1/2

[Event "2nd GM"]
[Site "Danzhou CHN"]
[Date "2011.05.18"]
[Round "4"]
[White "Yu, Yangyi"]
[Black "Bu, Xiangzhi"]
[Result "1/2-1/2"]
[WhiteTitle "GM"]
[BlackTitle "GM"]
[WhiteElo "2646"]
[BlackElo "2662"]
[WhiteFideId "8603820"]
[BlackFideId "8601445"]
[EventDate "2011.05.17"]

1. e4 c5 2. Nf3 Nc6 3. Bb5 d6 4. O-O Bd7 5. Re1 Nf6 6. c3 a6 7. Bf1 Bg4 8. d4
cxd4 9. cxd4 Bxf3 10. gxf3 d5 11. e5 Nh5 12. e6 fxe6 13. Bh3 g6 14. Nc3 Ng7 15.
Na4 e5 16. Nc5 Kf7 17. Bh6 Nf5 18. Bxf8 Rxf8 19. Bxf5 gxf5 20. f4 Rg8+ 21. Kh1
Rg4 22. dxe5 e6 23. Nxb7 Qh4 24. Nd6+ Kf8 25. Nxf5 Qh3 26. Ng3 Rh4 27. Nf1 Rg4
28. Ng3 Rh4 29. Nf1 Rg4 30. Ng3 1/2-1/2

[Event "2nd GM"]
[Site "Danzhou CHN"]
[Date "2011.05.18"]
[Round "4"]
[White "Ni, Hua"]
[Black "Li, Chao b"]
[Result "1/2-1/2"]
[WhiteTitle "GM"]
[BlackTitle "GM"]
[WhiteElo "2661"]
[BlackElo "2656"]
[WhiteFideId "8601160"]
[BlackFideId "8604436"]
[EventDate "2011.05.17"]

1. e4 e5 2. Bc4 Nf6 3. d3 Bc5 4. Nf3 d6 5. c3 Bb6 6. Nbd2 O-O 7. Bb3 Be6 8. h3
Nbd7 9. Qe2 Bxb3 10. axb3 d5 11. b4 c5 12. bxc5 Nxc5 13. O-O dxe4 14. dxe4 Qd3
15. Re1 Bc7 16. Nc4 Rfe8 17. Be3 Qxe2 18. Rxe2 Nfxe4 19. Ncxe5 a5 20. Nc4 Nb3
21. Rae1 Nec5 22. Nd4 Nxd4 23. Bxd4 Rxe2 24. Rxe2 Ne6 25. Be5 b5 26. Bxc7 Nxc7
27. Nd6 Kf8 28. Re5 b4 29. cxb4 axb4 30. Rc5 Rd8 31. Rc6 Ne6 32. Rb6 Nc5 33. Nc4
Rd1+ 34. Kh2 Nd3 35. Kg3 Rc1 36. Nd6 Rc2 37. Nf5 Rc8 38. Rb7 Nxb2 39. Rxb4 Nc4
40. Rb7 1/2-1/2

[Event "2nd GM"]
[Site "Danzhou CHN"]
[Date "2011.05.19"]
[Round "5"]
[White "Hou, Yifan"]
[Black "Zhou, Jianchao"]
[Result "0-1"]
[WhiteTitle "GM"]
[BlackTitle "GM"]
[WhiteElo "2612"]
[BlackElo "2636"]
[WhiteFideId "8602980"]
[BlackFideId "8603537"]
[EventDate "2011.05.17"]

1. e4 c5 2. Nc3 d6 3. d4 cxd4 4. Qxd4 Nc6 5. Bb5 Bd7 6. Bxc6 Bxc6 7. Nf3 e5 8.
Qd3 h6 9. Nd2 Nf6 10. Nc4 b5 11. Ne3 Qb6 12. Ncd5 Nxd5 13. Nxd5 Qb7 14. Be3 Bxd5
15. exd5 Be7 16. O-O-O Rc8 17. g4 Rc4 18. Rhg1 Bg5 19. Kb1 O-O 20. Rg2 Qd7 21.
f3 Rfc8 22. h4 Bxh4 23. Rh1 Qe7 24. g5 e4 25. fxe4 Qxe4 26. Rgh2 Bg3 27. Rh3 Be5
28. Qxe4 Rxe4 29. gxh6 g6 30. h7+ Kh8 31. Bxa7 Re2 32. c3 b4 33. Bd4 Bxd4 34.
cxd4 Rce8 35. a4 bxa3 36. Rxa3 Rb8 37. b3 g5 38. Ra7 Rf2 39. Kc1 g4 40. Rg1 Re8
41. Kd1 f5 42. b4 Rb8 43. Ke1 Rh2 44. Ra4 Kxh7 45. Rf1 Kg6 46. Kd1 Rb2 47. Ra6
R8xb4 48. Rxd6+ Kg5 49. Re1 Rb1+ 50. Ke2 Rxe1+ 51. Kxe1 Rxd4 52. Rd8 Kf4 53. d6
Kf3 54. Rf8 f4 0-1

[Event "2nd GM"]
[Site "Danzhou CHN"]
[Date "2011.05.19"]
[Round "5"]
[White "Zhou, Weiqi"]
[Black "Yu, Yangyi"]
[Result "0-1"]
[WhiteTitle "GM"]
[BlackTitle "GM"]
[WhiteElo "2610"]
[BlackElo "2646"]
[WhiteFideId "8601674"]
[BlackFideId "8603820"]
[EventDate "2011.05.17"]

1. d4 Nf6 2. c4 e6 3. Nc3 Bb4 4. Qc2 c5 5. dxc5 O-O 6. Nf3 Na6 7. a3 Bxc3+ 8.
Qxc3 Nxc5 9. e3 a5 10. b3 d6 11. Be2 e5 12. Nd2 Qb6 13. f3 Re8 14. e4 Nh5 15. g3
Bh3 16. Qe3 Bg2 17. Rf1 Bxf1 18. Kxf1 Nf6 19. Kg2 Qc6 20. Bb2 Nfd7 21. Rd1 Rf8
22. Ba1 Kh8 23. Kg1 Ne6 24. Nf1 Ndc5 25. Rd5 a4 26. b4 Nb3 27. Bc3 Ned4 28. Bxd4
Nxd4 29. Bd3 Ne6 30. Be2 Nd4 31. Bd3 b5 32. Nd2 f5 33. Kg2 f4 34. gxf4 Ne6 35.
Rxb5 Nxf4+ 36. Kf2 d5 37. exd5 Qh6 38. Bf1 Ra6 39. Qc5 Nd3+ 40. Bxd3 Qxd2+ 41.
Be2 Rxf3+ 42. Kxf3 Qf4+ 43. Kg2 Rg6+ 0-1

[Event "2nd GM"]
[Site "Danzhou CHN"]
[Date "2011.05.19"]
[Round "5"]
[White "Bu, Xiangzhi"]
[Black "Ni, Hua"]
[Result "1/2-1/2"]
[WhiteTitle "GM"]
[BlackTitle "GM"]
[WhiteElo "2662"]
[BlackElo "2661"]
[WhiteFideId "8601445"]
[BlackFideId "8601160"]
[EventDate "2011.05.17"]

1. Nf3 Nf6 2. c4 c6 3. d4 d5 4. e3 a6 5. Bd3 Bg4 6. Nbd2 e6 7. O-O Nbd7 8. b3
Bf5 9. Qc2 Bxd3 10. Qxd3 Be7 11. e4 dxe4 12. Nxe4 Nxe4 13. Qxe4 O-O 14. Bd2 Nf6
15. Qe2 a5 16. Rfd1 Qc7 17. a4 c5 18. Bc3 Rad8 19. Rd3 Rfe8 20. Re1 cxd4 21.
Nxd4 Qb6 22. Red1 Bc5 23. Qe1 Qd6 24. Qe2 Qb6 25. Qe1 Qd6 26. Qe2 Qb6 1/2-1/2

[Event "2nd GM"]
[Site "Danzhou CHN"]
[Date "2011.05.20"]
[Round "6"]
[White "Ni, Hua"]
[Black "Zhou, Weiqi"]
[Result "1/2-1/2"]
[WhiteTitle "GM"]
[BlackTitle "GM"]
[WhiteElo "2661"]
[BlackElo "2610"]
[WhiteFideId "8601160"]
[BlackFideId "8601674"]
[EventDate "2011.05.17"]

1. e4 e6 2. d4 d5 3. Nd2 c5 4. Ngf3 cxd4 5. Nxd4 Nc6 6. Bb5 Bd7 7. Nxc6 Bxc6 8.
Bxc6+ bxc6 9. c4 Bc5 10. Qa4 Ne7 11. exd5 exd5 12. Nb3 Bb6 13. O-O O-O 14. Bg5
h6 15. Bh4 Qd7 16. c5 Bd8 17. Nd4 Nf5 18. Nxf5 Qxf5 19. Bxd8 Rfxd8 20. Qxc6 d4
21. b4 a5 22. a3 Rab8 23. Rab1 axb4 24. axb4 d3 25. Qa4 d2 26. c6 Qxb1 27. Rxb1
Rxb4 28. Qxb4 d1=Q+ 29. Qe1 Qxe1+ 30. Rxe1 Rc8 31. Rc1 Kf8 32. h4 Ke7 33. Rc3
Kd6 34. h5 Rxc6 35. Rg3 Rc1+ 36. Kh2 Rc5 37. Rxg7 Rxh5+ 38. Kg3 Ke7 39. Rg4 Kf6
40. Rf4+ Kg6 41. Rg4+ Kf6 42. Rf4+ Kg6 1/2-1/2

[Event "2nd GM"]
[Site "Danzhou CHN"]
[Date "2011.05.22"]
[Round "7"]
[White "Bu, Xiangzhi"]
[Black "Zhou, Jianchao"]
[Result "1/2-1/2"]
[WhiteTitle "GM"]
[BlackTitle "GM"]
[WhiteElo "2662"]
[BlackElo "2636"]
[WhiteFideId "8601445"]
[BlackFideId "8603537"]
[EventDate "2011.05.17"]

1. d4 Nf6 2. c4 g6 3. Nc3 d5 4. Bg5 Ne4 5. Bh4 Nxc3 6. bxc3 dxc4 7. e3 Be6 8.
Nf3 Bg7 9. Be2 O-O 10. O-O c5 11. Rb1 b6 12. dxc5 Nd7 13. Nd4 Nxc5 14. Nxe6 Nxe6
15. Bxc4 Bf6 16. Bxf6 exf6 17. Qa4 Qe7 18. Rfd1 Rad8 19. Bd5 Nc7 20. Bf3 Ne6 21.
c4 Rxd1+ 22. Rxd1 Rd8 23. Rxd8+ Nxd8 24. Bd5 Ne6 25. Bxe6 Qxe6 26. Qxa7 Qxc4 27.
g3 Qc1+ 28. Kg2 Qc6+ 29. Kg1 Qc1+ 30. Kg2 Qc6+ 31. Kg1 Qc1+ 1/2-1/2

[Event "2nd GM"]
[Site "Danzhou CHN"]
[Date "2011.05.22"]
[Round "7"]
[White "Yu, Yangyi"]
[Black "Ni, Hua"]
[Result "1-0"]
[WhiteTitle "GM"]
[BlackTitle "GM"]
[WhiteElo "2646"]
[BlackElo "2661"]
[WhiteFideId "8603820"]
[BlackFideId "8601160"]
[EventDate "2011.05.17"]

1. Nf3 Nf6 2. d4 d5 3. c4 e6 4. Nc3 Bb4 5. e3 O-O 6. Bd3 c5 7. O-O cxd4 8. exd4
dxc4 9. Bxc4 Nbd7 10. Bg5 Bxc3 11. bxc3 Qc7 12. Bd3 b6 13. c4 Bb7 14. Re1 Qd6
15. Ne5 Nxe5 16. Rxe5 Rfd8 17. Be3 Rac8 18. h3 Rc5 19. f4 Rcc8 20. Qb3 h6 21.
Rf1 Nd7 22. Bb1 Qc6 23. Be4 Qc7 24. Bd3 Ba6 25. Rc1 Nxe5 26. fxe5 Rd7 27. Qd1
Rcd8 28. Qg4 Rxd4 29. Bxd4 Qd7 30. Rd1 h5 31. Qh4 Qxd4+ 32. Qxd4 Rxd4 33. Bh7+
Kxh7 34. Rxd4 Kg6 35. Kf2 Kf5 36. Rd7 f6 37. Rxg7 Kxe5 38. Rxa7 Bxc4 39. a3 Bd3
40. Ke3 Bf1 41. Kf2 Bd3 42. g3 Kd6 43. Rf7 Ke5 44. Ke3 Bf5 45. Rb7 Kd6 46. Rxb6+
Kc7 47. Rb5 1-0

[Event "2nd GM"]
[Site "Danzhou CHN"]
[Date "2011.05.23"]
[Round "8"]
[White "Zhou, Jianchao"]
[Black "Zhou, Weiqi"]
[Result "1-0"]
[WhiteTitle "GM"]
[BlackTitle "GM"]
[WhiteElo "2636"]
[BlackElo "2610"]
[WhiteFideId "8603537"]
[BlackFideId "8601674"]
[EventDate "2011.05.17"]

1. d4 Nf6 2. c4 c5 3. d5 b5 4. cxb5 a6 5. bxa6 Bxa6 6. Nc3 d6 7. Nf3 Nbd7 8. e4
Bxf1 9. Kxf1 g6 10. g3 Bg7 11. Kg2 O-O 12. Qc2 Ng4 13. a4 Qa5 14. Bd2 Qb4 15. h3
Nge5 16. Nb5 Qc4 17. Bc3 Nxf3 18. b3 Nd4 19. Nxd4 Qa6 20. Nc6 e6 21. Bxg7 Kxg7
22. b4 cxb4 23. Nxb4 Qc8 24. Qxc8 Rfxc8 25. dxe6 fxe6 26. Rhd1 Rc4 27. Rxd6 Nc5
28. Rc6 Rxb4 29. Rxc5 Rbxa4 30. Rxa4 Rxa4 31. Kf3 Ra7 32. Kf4 Rf7+ 33. Ke3 h6
34. h4 Rb7 35. Kf4 Kf6 36. e5+ Kf7 37. Kg4 Kg7 38. h5 g5 39. Rc6 Kf7 40. Rc4 Kg7
41. f4 gxf4 42. gxf4 Kf8 43. f5 Kf7 44. f6 Ra7 45. Rb4 Kf8 46. Kf4 Kf7 47. Ke3
Kf8 48. Rb6 Kf7 49. Kd4 Rc7 50. Rb5 Rc1 51. Rb7+ Kf8 52. Re7 Rc6 53. Rh7 Rc1 54.
Rxh6 Rd1+ 55. Kc3 Re1 56. Rh8+ Kf7 57. Rh7+ Kf8 58. h6 Rxe5 59. Rg7 1-0

[Event "2nd GM"]
[Site "Danzhou CHN"]
[Date "2011.05.24"]
[Round "9"]
[White "Bu, Xiangzhi"]
[Black "Hou, Yifan"]
[Result "1-0"]
[WhiteTitle "GM"]
[BlackTitle "GM"]
[WhiteElo "2662"]
[BlackElo "2612"]
[WhiteFideId "8601445"]
[BlackFideId "8602980"]
[EventDate "2011.05.17"]

1. Nf3 Nf6 2. c4 e6 3. g3 d5 4. Bg2 Be7 5. O-O O-O 6. d4 dxc4 7. Qc2 a6 8. a4
Bd7 9. Qxc4 Bc6 10. Bg5 Bd5 11. Qd3 Be4 12. Qe3 Nbd7 13. Nc3 Bc6 14. Qd3 Bb4 15.
a5 Bxf3 16. Qxf3 c6 17. Ne4 h6 18. Bd2 Qe7 19. Bxb4 Qxb4 20. Qc3 Qe7 21. Nd2
Rfe8 22. Rfd1 Rab8 23. e4 c5 24. d5 exd5 25. exd5 b5 26. axb6 Nxb6 27. Nb3 Red8
28. Qxc5 Nbxd5 29. Qxe7 Nxe7 30. Rxd8+ Rxd8 31. Rxa6 Rd1+ 32. Bf1 Nfd5 33. Ra1
Rxa1 34. Nxa1 Nb4 35. Kg2 f5 36. Kf3 Kf7 37. Ke3 Nec6 38. Bb5 Ke6 39. Bxc6 Nxc6
40. Nc2 Kd5 41. Kf4 g6 42. h4 Ne5 43. b3 Nd3+ 44. Ke3 Nc5 45. Nd4 h5 46. b4 Nd7
47. Nf3 Nf6 48. Kf4 Ng4 49. b5 Nxf2 50. b6 Nd3+ 51. Kg5 Kc6 52. Nd4+ Kxb6 53.
Ne2 Ne5 54. Kf6 Ng4+ 55. Kxg6 Kc5 56. Kxf5 Kd6 57. Nf4 Ne3+ 58. Ke4 1-0

[Event "2nd GM"]
[Site "Danzhou CHN"]
[Date "2011.05.24"]
[Round "9"]
[White "Yu, Yangyi"]
[Black "Zhou, Jianchao"]
[Result "1/2-1/2"]
[WhiteTitle "GM"]
[BlackTitle "GM"]
[WhiteElo "2646"]
[BlackElo "2636"]
[WhiteFideId "8603820"]
[BlackFideId "8603537"]
[EventDate "2011.05.17"]

1. d4 Nf6 2. c4 g6 3. Nc3 Bg7 4. Nf3 d5 5. Qb3 c6 6. Bf4 dxc4 7. Qxc4 O-O 8. e4
Bg4 9. Be2 Nfd7 10. Rd1 Nb6 11. Qd3 Bxf3 12. Qxf3 Bxd4 13. O-O c5 14. b4 cxb4
15. Nd5 Nc6 16. Bb5 e5 17. Bh6 Nxd5 18. exd5 Ne7 19. Bxf8 Kxf8 20. d6 Qxd6 21.
Bc4 f5 22. Qxb7 Rc8 23. Bb3 Qb6 24. Qf3 Rc3 25. Qa8+ Rc8 26. Qf3 Qc6 27. Qe2 Qf6
28. Kh1 g5 29. Rfe1 Bc3 30. Rf1 Bd4 31. Rfe1 Bc3 32. Rf1 Bd4 33. Rfe1 1/2-1/2